00476nam a2200145Ia 4500008004100000041000800041082001700049100002500066245002800091250000600119260004700125300000800172999001900180952013100199210716s2003 xx 000 0 und d aeng a174.936 CHEF aCherunilam, Francis. aBusiness and govenment. a1 aBangalorebHimalaya Publishing Housec2003 a424 c199748d199748 00102ddc40738MBAaAIMITbAIMITd2005-11-25g190.00l0o174.936 CHEFpMBA02313r2026-05-23 00:00:00v152.00w2021-07-16yBK